| 000 | 00817nam a2200241 i 4500 | ||
|---|---|---|---|
| 001 | 186326 | ||
| 003 | ES-MaACL | ||
| 005 | 20251019063057.0 | ||
| 007 | t| | ||
| 008 | 161025s1987 sp ac |||| |dspa d | ||
| 020 | _a84-376-0678-0 | ||
| 080 | _a821.111-31"18" | ||
| 100 | 1 |
_aAusten, Jane, _d1775-1817 _9242382 |
|
| 245 | 1 | 0 |
_aOrgullo y prejuicio / _cJane Austen ; edición de José Luis Caramés ; traducción de María Antonia Ibáñez. |
| 260 |
_aMadrid : _bCátedra, _c[1987] |
||
| 300 |
_a477 p. : _bil. ; _c18 cm. |
||
| 490 | 1 |
_aLetras universales ; _v81 |
|
| 504 | _aBibliografía: p. 65-70. | ||
| 700 | 1 |
_aCaramés Lage, José Luis, _d1945- _9161111 |
|
| 830 | 0 |
_aLetras universales ; _v81 _9178013 |
|
| 852 |
_aES-MaACL _jL-30686 _z. - Donat. Miguel A. Velasco |
||
| 999 |
_c186326 _d186326 |
||